1849 1935 1617 1515 1707 1571 1012 1940 1432 1290 1824 1420 1928 1726 1586 1653 1215 1871 1203 1538 1725 1592 1375 1455 1759 1401 1003 1466 1434 1654 1978 1455 1894 1025 1713 1006 1672 1175 1130 1856 1374 1472 1078 1309 1130 1534 1270 1301 1315 1260 1891 1465 1866 1611 1269 1887 1723 1022 1297 1314 1295 1536 1838 1730 1163 1180 1257 1617 1286 1119 1693 1200 1364 1217 1554 1088 1380 1416 1461 1370 1135 1678 1196 1515 1522 1038 1641 1630 1461 1666 1379 1866 1379 1977 1427 1464 1897 1955 1437 BCNSPRNW ULIB Ver.6.0+V

เปลี่ยนเป็นภาษาไทย

Change to English
 แสดงรายละเอียดบรรณานุกรม
  กลับหน้าหลัก

Brief Record : Get Marc (ISO 2709) : E-mail record : QR code < ปิดหน้าต่าง
LEADER : 00000nam 2200000uu 4500
001    13399111896
003     ULIB
008    110711s2543||||th 000 0 tha d
020    9748212297
050  4 DS585^bส323ส 2543
100 0  สรศัลย์ แพ่งสภา
245 10 สงครามมืดวันญี่ปุ่นบุกไทย /^cสรศัลย์ แพ่งสภา
260    กรุงเทพฯ :^bสารคดี,^c2543
300    260 หน้า :^bภาพประกอบ
504    เอกสารอ้างอิง: หน้า 259-260
650  7 สงครามโลก, ค.ศ.1939-1945^zไทย
651  7 ญี่ปุ่น
945    ^p0^l0^i015987
949    ทศพร
999 ^a ใช้งานได้ทุกระบบ
รายการนี้ยังไม่มีแท็ก
คุณยังไม่ได้ล็อกอิน คุณสามารถมีกิจกรรมร่วมกับเว็บไซต์ได้ แต่ต้องล็อกอินก่อน ::
  ล็อกอิน

รายการสื่อสารสนเทศ

ลำดับที่ ประเภท เลขเรียก/บาร์โค้ด สถานที่ สถานะ
- ไม่พบข้อมูล -

รายการใกล้เคียง
    ผู้แต่ง [สรศัลย์ แพ่งสภา]

BibComment


ยังไม่เคยถูกคอมเมนท์

คอมเมนท์ทรัพยากรรายการนี้
  คอมเมนท์: สงครามมืดวันญี่ปุ..


 Copyright 2026. Bcnsprnw @Library